| 000 | 00866pam a2200265 a 4500 | ||
|---|---|---|---|
| 003 | IeDuTC | ||
| 005 | 20230412110308.0 | ||
| 008 | 010409r20011977enk 000 0 eng | ||
| 015 | _aGBA1-Z1878 | ||
| 020 |
_a0099283573 (pbk.) : _c£5.99 |
||
| 040 |
_aStDuBDS _dIeDuTC |
||
| 041 | 1 |
_aeng _hjpn |
|
| 082 | 0 | 4 |
_a111.85 _221 |
| 100 | 1 |
_aTanizaki, Jun'ichirō, _d1886-1965. |
|
| 240 | 0 | 0 |
_aIn ei raisan. _lEnglish. |
| 245 | 1 | 0 |
_aIn praise of shadows / _cJun'ichirō Tanizaki ; translated by Thomas J. Harper and Edward G. Seidensticker. |
| 260 |
_aLondon : _bVintage, _c2001, c1977. |
||
| 300 |
_a73 p. ; _c20 cm. |
||
| 490 | 0 | _aVintage classics. | |
| 500 | _aOriginally published: New Haven, Conn. : Leete's Island Books, 1977. | ||
| 546 | _aTranslated from the Japanese. | ||
| 650 | 0 | _aAesthetics. | |
| 942 |
_2ddc _cMAIN |
||
| 999 |
_c9561 _d9562 |
||